Vnútropodniková komunikácia v nadnárodnej multikultúrnej spoločnosti dizertačná práca

Salvato in:
Dettagli Bibliografici
Autore principale: Mečiar, Tomáš
Ente Autore: Ekonomická univerzita v Bratislave. Fakulta podnikového manažmentu
Altri autori: Szarková, Miroslava, 1951-
Natura: Libro
Lingua:slovacco
Pubblicazione: Bratislava 2011
Soggetti:
Tags: Aggiungi Tag
Nessun Tag, puoi essere il primo ad aggiungerne!!

MARC

LEADER 00000nam a2200000 4500
001 0136755
005 20240502072530.8
041 0 |a slo 
044 |a SK 
245 1 0 |a Vnútropodniková komunikácia v nadnárodnej multikultúrnej spoločnosti  |b dizertačná práca  |c Tomáš Mečiar ; školiteľ: Miroslava Szarková 
264 1 |a Bratislava  |c 2011 
300 |a 157 s. 
610 2 0 |a komunikácia interná 
610 2 0 |a spoločnosti nadnárodné 
610 2 0 |a automobily 
610 2 0 |a bariéry sily pracovnej 
610 2 0 |a podnik dcérsky 
610 2 0 |a podnik materský 
100 1 |a Mečiar, Tomáš 
700 1 |a Szarková, Miroslava, 1951- 
710 2 |a Ekonomická univerzita v Bratislave. Fakulta podnikového manažmentu